000 00638nam a22001937a 4500
008 160705b xxu||||| |||| 00| 0 eng d
020 _a978-0-521-73293-2
082 _22009
_aDC 401.93
_bC55f
100 _910853
_aClark, Eve V.
245 _aFirst language acquisition/
_cEve V. Clark.
250 _a2nd Edition
260 _aCambridge:
_bCambridge University Press,
_cc2009.
300 _axii, 490 pages:
_billustrations;
_c25 cm.
500 _aIncludes bibliographical references and index.
650 0 _910854
_aLanguage acquisition
650 0 _910855
_aLanguages and languages
365 _aPhp
_b3, 250.00
942 _2ddc
_cDC
999 _c3246
_d3246